01606nam a2200397 a 4500001001000000003000500010005001700015008004100032010001100073011001100084040000900095090001000104100004000114245013400154260004100288500006000329502007000389590004100459590004000500590004000540650003400580650003200614650002900646650003200675650003300707650003100740650002800771650003100799856007000830901000700900942001000907942000600917999001900923952013100942952013501073000113946CHAP20220329144420.0171010s2017 mx sm |||||||spa d a110407 a111379 cCHAP aTesis1 aIbarra Sánchez, Alejandro912891210aCoeficiente de endogamia insesgado de sintéticos derivados de cruzas trilinealesh[En línea]cpor Alejandro Ibarra Sánchez. aChapingo, Méx. :bEl autor,c2017. aPara ver el contenido del material haga clic en la liga aTesis (M. C. en Horticultura) -- UACH. Departamento de Fitotecnia aE11695DGDb10c20171020lUCH01h1001 aE6337LMJb05c20171010lUCH01h1021 aE6337LMJb05c20171010lUCH01h102214aCebollaxCruzamiento.913372914aCebollaxGenética.92077214aCebollaxSemilla.92080314aCebollaxVariedades.92080714aMaízxCruzamiento.913278314aMaízxGenética.97096314aMaízxSemilla.97105914aMaízxVariedades.971081 aFinding aiduhttp://10.13.5.2/tesis/sist113946.pdfzTeclea aquí aBK cTESIS n0 c110407d110407 00104054718TESISaBCbBCd2017-10-10fTESISl0oTesisp113947-10r2019-12-31 00:00:00w2019-12-31yTESISzRecien adquirido 00102local4053708TESISaBCbBCcPA_TESISd2017-10-10fTESISl0oTesisp113947-20r2019-12-31 00:00:00tc.2w2019-12-31yTESIS